Quiz o Ukrainie - Statystyki

Ogólne statystyki
  • Ten quiz został rozwiązany 55 razy
    40 od ostatniego zresetowania
  • Średni wynik to 14 z 23
Statystyki odpowiedzi
Wskazówka Odpowiedź % Poprawnych
Stolica Kijów
97%
Morze, do którego ma dostęp od południa Morze Czarne
84%
Język urzędowy Ukraiński
84%
Prezydent Wołodymyr Zełenski
84%
Alfabet tu używany Cyrylica
81%
Największy półwysep, teren sporny Ukrainy i Rosji, który w 2014 r. został przez tę drugą zaanektowany Półwysep Krymski
81%
Narodowe danie - zupa z czerwonych warzyw Barszcz ukraiński
77%
W 1986 r. nastąpiła awaria tej elektrowni jądrowej Elektrownia w Czarnobylu
77%
Którą na świecie potęgą nuklearną była Ukraina po rozpadzie ZSRR? 3.
74%
Waluta Hrywna
71%
Liczba ludności w milionach (ok.) 43 mln
68%
Klęska wywołana przez komunizm w latach 1932 - 1933 Wielki głód na Ukrainie
68%
Najdłuższa rzeka Dniepr
65%
Najpopularniejsze zboże uprawiane na Ukrainie, którego pola zajmują aż 6 mln ha Pszenica
65%
Największy partner handlowy Polska
61%
Pasmo górskie na zachodzie Karpaty
58%
W stolicy Ukrainy znajduje się trzecia najczęściej odwiedzana restauracja tej fast foodowej sieci McDonald's
58%
Morze, do którego ma dostęp od południowego wschodu Morze Azowskie
48%
Przywódca powstania Kozaków przeciwko Rzeczpospolitej Obojga Narodów w 1648 r. Bohdan Chmielnicki
39%
Potrawa ze startych ziemniaków smażonych na tłuszczu Placki ziemniaczane
23%
Najwyższy szczyt Howerla
19%
Nizina, na której położona jest znaczna część kraju Nizina Wschodnioeuropejska
6%
Najpopularniejszy sport Biegi
3%
Nie znaleziono quizów pasujących do podanych kryteriów
Rozkład punktacji
Procent ludzi z każdym wynikiem
Percentyl według liczby udzielonych odpowiedzi
Twoja historia wyników
Nie rozwiązałeś tego quizu od ostatniego zresetowania